Λειτουργική και κατήχηση : για την ΣΤ' τάξη του δημοτικού σχολείου

Αποθηκεύτηκε σε:
Λεπτομέρειες βιβλιογραφικής εγγραφής
Κύριος συγγραφέας: Σκιαδάς, Βασίλειος Γ.
Μορφή: Βιβλίο
Γλώσσα:Greek
Δημοσίευση: Αθήνα : Ο.Ε.Δ.Β., 1987
Θέματα:
Ετικέτες: Προσθήκη ετικέτας
Δεν υπάρχουν, Καταχωρήστε ετικέτα πρώτοι!

MARC

LEADER 00000nam a2200000 i 4500
001 1/75516
008 960517s1987 gre d
035 |a 1989  |b 2  |c Δωρεά  |l 10032145 
040 |a GR-MY-UA  |b gre  |e aacr 
041 0 |a gre 
082 0 |a 372.8 
100 1 |a Σκιαδάς, Βασίλειος Γ. 
245 1 0 |a Λειτουργική και κατήχηση :  |b για την ΣΤ' τάξη του δημοτικού σχολείου /  |c Βασιλείου Γ. Σκιαδά 
260 |a Αθήνα :   |b Ο.Ε.Δ.Β.,   |c 1987 
300 |a 143 σ. 
650 0 0 |a Church history  |x Study and teaching (Elementary)  |z Greece. 
852 |a INST  |b RHODES  |e 19960517  |h 372.8 ΣΚΙ  |p 005400000710  |q 005400000710  |t BK  |y 620 
852 |a INST  |b RHODES  |e 19960517  |h 372.8 ΣΚΙ  |p 005400000711  |q 005400000711  |t BK  |y 0 
852 |a INST  |b RHODES  |e 19960517  |h 372.8 ΣΚΙ  |p 005400000712  |q 005400000712  |t BK  |y 620 
852 |a INST  |b RHODES  |e 19960517  |h 372.8 ΣΚΙ  |p 005400000713  |q 005400000713  |t BK  |y 620 
852 |a INST  |b RHODES  |e 19960517  |h 372.8 ΣΚΙ  |p 005400000714  |q 005400000714  |t BK  |y 620 
852 |a INST  |b RHODES  |e 19960517  |h 372.8 ΣΚΙ  |p 005400000715  |q 005400000715  |t BK  |y 620 
909 |a Ρ  |b 014129  |c 1989 
909 |a Ρ  |b 014130  |c 1989 
909 |a Ρ  |b 014131  |c 1989 
909 |a Ρ  |b 014132  |c 1989 
909 |a Ρ  |b 014133  |c 1989 
909 |a Ρ  |b 014134  |c 1989